| 000 | 00000nas 2200000za 4500 |
| 001 | 9.502554 |
| 003 | CaOODSP |
| 005 | 20251126083222 |
| 007 | cr ||||||||||| |
| 008 | 150406c20049999oncar p o f0 b0fre| |
| 022 | |a1926-786X |
| 040 | |aCaOODSP|bfre |
| 043 | |an-cn--- |
| 086 | 1 |aCC152-1F-PDF |
| 110 | 1 |aCanada. |bConstruction de Défense Canada. |
| 222 | 0|aPlan d'entreprise |b(Construction de Défense Canada) |
| 245 | 10|aPlan d'entreprise |h[ressource électronique] : |bcomprends les budgets de fonctionnement et d'investissement pour … / |cConstruction de Défense (1951) limitée. |
| 246 | 1 |aRésumé du plan d'entreprise |
| 260 | |a[Ottawa] : |bConstruction de Défense (1951) limitée |
| 310 | |aAnnuel |
| 362 | 1 |aParaît depuis 2003-2004 à 2007-2008. |
| 500 | |aPubl. aussi en anglais sous le titre : Corporate plan / Defence Construction Canada. |
| 775 | 08|tCorporate plan |w(CaOODSP)9.506152 |